Fiscal crisis and expenditure cuts: the influence of public management practices on cutback strategies in Europe (Record no. 114760)

000 -LEADER
fixed length control field 01974pab a2200193 454500
008 - FIXED-LENGTH DATA ELEMENTS--GENERAL INFORMATION
fixed length control field 180718b2017 xxu||||| |||| 00| 0 eng d
100 ## - MAIN ENTRY--PERSONAL NAME
Personal name Raudla, Ringa et al
245 ## - TITLE STATEMENT
Title Fiscal crisis and expenditure cuts: the influence of public management practices on cutback strategies in Europe
260 ## - PUBLICATION, DISTRIBUTION, ETC.
Date of publication, distribution, etc. 2017
300 ## - PHYSICAL DESCRIPTION
Extent p.376-394.
362 ## - DATES OF PUBLICATION AND/OR SEQUENTIAL DESIGNATION
Dates of publication and/or sequential designation Apr
520 ## - SUMMARY, ETC.
Summary, etc. The Great Recession resulted in fiscal crises for governments across the Western world. Significant cuts in government programs and in public administration itself were initiated as many governments scrambled to reduce their growing budget deficits. We are interested in how European governments have reacted during the most recent crisis. In particular, our article explores whether rationally oriented management approaches are associated with targeted and efficiency cuts rather than across-the-board cuts. The theoretical part of the article outlines the predictions about how the use of rational approaches will affect the types of cuts used by public agencies. In the empirical part of the article, we use the survey of 7,077 senior government officials in 19 European countries, undertaken within the framework of the Coordinating for Cohesion in the Public Sector of the Future (COCOPS) project. We find that several rationally oriented approaches use of strategic planning, focusing on outcomes and results, rewarding goal achievement, and increased relevance and use of performance measures-are positively associated with the use of targeted and efficiency cuts. These findings suggest that rational management techniques adopted by governments over recent decades might be used by managers to help them make strategic decisions, even during times of crisis. - Reproduced.
650 ## - SUBJECT ADDED ENTRY--TOPICAL TERM
Topical term or geographic name entry element Budgets
650 ## - SUBJECT ADDED ENTRY--TOPICAL TERM
Topical term or geographic name entry element performance appraisal
650 ## - SUBJECT ADDED ENTRY--TOPICAL TERM
Topical term or geographic name entry element Public expenditure strategic management
650 ## - SUBJECT ADDED ENTRY--TOPICAL TERM
Topical term or geographic name entry element Economic recession
773 ## - HOST ITEM ENTRY
Main entry heading American Review of Public Administration
909 ## -
-- 114766
Holdings
Withdrawn status Lost status Damaged status Not for loan Permanent Location Current Location Date acquired Serial Enumeration / chronology Barcode Date last seen Price effective from Koha item type
        Indian Institute of Public Administration Indian Institute of Public Administration 2018-07-19 Volume no: 47, Issue no: 3 AR115226 2018-07-19 2018-07-19 Articles

Powered by Koha